| 000 | 00629nam a2200157Ia 4500 | ||
|---|---|---|---|
| 008 | 090124s9999 xx 000 0 und d | ||
| 082 | _b28732 | ||
| 245 | _a डॉ. बाबासाहेब आंबेडकरांची पत्रे | ||
| 250 | _a0 | ||
| 260 |
_bइंद्रायणी प्रकाशन _c1990 |
||
| 300 | _a356 | ||
| 630 | _a डॉ. बाबासाहेब आंबेडकरांची पत्रे | ||
| 700 | _aखरात शंकरराव रा. | ||
| 730 | _a डॉ. बाबासाहेब आंबेडकरांची पत्रे | ||
| 942 | _cBOOK | ||
| 999 |
_c95604 _d95604 |
||